000
00303nam a2200109Ia 4500
008
160531s9999 xx 000 0 und d
100
_a
Macken, John A.
245
4
_a
The Universe is Only Spacetime
245
_c
by John A. Macken
260
_c
2012
856
_u
http://onlyspacetime.com/OnlySpacetime.pdf
999
_c
295208
_d
295208